01233nam a2200325 i 450000500170000000700030001700800410002002000180006104000350007904100080011408400130012210000440013524501300017925000430030926400490035230000390040133600270044033700330046733800280050049000160052852100500054454500610059465000490065565000530070465000310075770000470078870000420083594200150087799900150089220220317001319.0ta210812s20072018ck a br 000 d spa d a9789583023873 aCO-BoRNBPbspaerdacCO-BoRNBP0 aspa aT NIÑ11 aNiño, Jairo Anibal,d1941-2010eautor10aRafael Pombo, corazón de gorrióncJairo Anibal Niño ; ilustraciones Rocío Parra Parra ; edición Mireya Fonseca Leal aPrimera ediciónbSexta reimpresión 1aBogotábPanamericana Editorialc2007c2018 a75 páginasbilustracionesc21 cm atextobtxt2rdacontent asin mediaciónbn2rdamedia avolumenbnc2rdacarrier aPrimer acto aRecomendado para niños a partir de 6 años aIncluye datos biográficos del autor al final del texto17aTeatro infantil colombianoySiglo XX2ARMARC17aLiteratura infantil colombianaySiglo XX2ARMARC17aFantasíavTeatro2ARMARC1 aParra Parra, Rocío,eilustradora91808771 aFonseca Leal, Mireya,eeditora941982 2loccBKLIT c6590d6590